| 000 | 00658nam a22002057a 4500 | ||
|---|---|---|---|
| 005 | 20250401143841.0 | ||
| 010 | _aENG-144319 | ||
| 020 |
_a9788194978046 _c550.00p |
||
| 035 | _aEN-127851 | ||
| 037 | _bDBAD | ||
| 082 | _a921 | ||
| 100 |
_aDas Asitabha _980042 |
||
| 245 |
_aThe Collected Works Of freedom Fighter Rashbehari Bose _cAsitabha Das _hEnglish |
||
| 250 | _a1st(reprint) | ||
| 260 |
_aKolkata _bAlpana Enterprise _c2023 |
||
| 270 |
_a9,Bir ananta Ram Mondal Lane, Sinthee _bKolkata _e700050 |
||
| 300 |
_axviii.376.p _c22cm. (Hb) |
||
| 700 |
_aAsitabha Das : Ajit Rabi Das _980043 |
||
| 942 |
_2ddc _cEN _h921 _mDas _e1 |
||
| 999 |
_c210598 _d210598 |
||